Финансовый менеджмент: учебник для бакалавров

Detaylı Bibliyografya
Yazar: Рогова Е. М. Елена Моисеевна
Kurumsal yazarlar: Санкт-Петербургский государственный университет экономики и финансов (СПбГУЭФ), Высшая школа экономики (ВШЭ) Национальный исследовательский университет (НИУ)
Diğer Yazarlar: Ткаченко Е. А. Елена Анатольевна
Özet:Раскрыты основные аспекты, связанные с изучением учебной дисциплины «Финансовый менеджмент». Материалы, содержащиеся в учебнике, предназначены для студентов специальности «Финансы и кредит», а также студентов бакалавриата и магистратуры, обучающихся по направлениям «Экономика» и «Менеджмент». Материалы учебника могут быть использованы при чтении лекций и организации самостоятельной работы студентов по дисциплине «Финансовый менеджмент», а также на программах дополнительного образования. Соответствует Федеральному государственному образовательному стандарту высшего профессионального образования третьего поколения. Для студентов, аспирантов и магистрантов российских вузов, специалистов, интересующихся проблемами управления финансами на российских предприятиях.
Dil:Rusça
Baskı/Yayın Bilgisi: Москва, Юрайт, 2014
Edisyon:2-е изд., испр. и доп.
Seri Bilgileri:Бакалавр. Углубленный курс
Konular:
Materyal Türü: Kitap
KOHA link:https://koha.lib.tpu.ru/cgi-bin/koha/opac-detail.pl?biblionumber=263664

MARC

LEADER 00000nam0a2200000 4500
001 263664
005 20231101233748.0
010 |a 9785991620307 
035 |a (RuTPU)RU\TPU\book\286652 
090 |a 263664 
100 |a 20140610d2014 m y0rusy50 ca 
101 0 |a rus 
102 |a RU 
105 |a a j 001zy 
200 1 |a Финансовый менеджмент  |e учебник для бакалавров  |f Е. М. Рогова, Е. А. Ткаченко  |g Санкт-Петербургский государственный университет экономики и финансов (СПбГУЭФ) ; Высшая школа экономики (ВШЭ), Национальный исследовательский университет (НИУ) 
205 |a 2-е изд., испр. и доп. 
210 |a Москва  |c Юрайт  |d 2014 
215 |a 541 с.  |c ил. 
225 1 |a Бакалавр. Углубленный курс 
320 |a Библиогр.: с. 537-540. 
320 |a Глоссарий: с. 496-507. 
330 |a Раскрыты основные аспекты, связанные с изучением учебной дисциплины «Финансовый менеджмент». Материалы, содержащиеся в учебнике, предназначены для студентов специальности «Финансы и кредит», а также студентов бакалавриата и магистратуры, обучающихся по направлениям «Экономика» и «Менеджмент». Материалы учебника могут быть использованы при чтении лекций и организации самостоятельной работы студентов по дисциплине «Финансовый менеджмент», а также на программах дополнительного образования. Соответствует Федеральному государственному образовательному стандарту высшего профессионального образования третьего поколения. Для студентов, аспирантов и магистрантов российских вузов, специалистов, интересующихся проблемами управления финансами на российских предприятиях. 
606 1 |a Финансовый менеджмент  |2 stltpush  |3 (RuTPU)RU\TPU\subj\37217  |9 58322 
610 1 |a экономика 
610 1 |a финансы 
610 1 |a управление 
610 1 |a денежные потоки 
610 1 |a финансовое планирование 
610 1 |a прогнозирование 
610 1 |a предприятия 
610 1 |a денежные средства 
610 1 |a внешняя среда 
610 1 |a инвестиции 
610 1 |a инвестиционные решения 
610 1 |a инвестиционные риски 
610 1 |a финансовые риски 
610 1 |a долгосрочное финансирование 
610 1 |a стоимость 
610 1 |a заемный капитал 
610 1 |a собственный капитал 
610 1 |a дивидендная политика 
610 1 |a альтернативные источники 
610 1 |a краткосрочное финансирование 
610 1 |a оборотный капитал 
610 1 |a кредитный менеджмент 
610 1 |a запасы 
610 1 |a информационное обеспечение 
610 1 |a стандарт MRPII 
610 1 |a ERP-системы 
610 1 |a ценностно-ориентированное управление 
610 1 |a оценка 
610 1 |a бизнес 
610 1 |a антикризисное управление 
610 1 |a учебные пособия 
686 |a У9(2)261.11я73  |v LBC/SL-A  |2 rubbk 
700 1 |a Рогова  |b Е. М.  |g Елена Моисеевна 
701 1 |a Ткаченко  |b Е. А.  |g Елена Анатольевна 
712 0 2 |a Санкт-Петербургский государственный университет экономики и финансов (СПбГУЭФ)  |c (1991- )  |2 stltpush  |3 (RuTPU)RU\TPU\col\151 
712 0 2 |a Высшая школа экономики (ВШЭ)  |b Национальный исследовательский университет (НИУ)  |c (Москва)  |c (2010- )  |2 stltpush  |3 (RuTPU)RU\TPU\col\17951 
801 1 |a RU  |b 63413507  |c 20140610 
801 2 |a RU  |b 63413507  |c 20150625  |g RCR 
942 |c BK 
959 |a 102/20140609  |d 2  |e 479,00  |f ЧЗГЛ:1  |f АНЛ:1